[Event "GEO Women 66 Ch"]
[Site "?"]
[Date "2009.01.26"]
[Round "9.6"]
[White "Gaprindashvili, Nona"]
[Black "Tsatsalashvili, Ketevan"]
[Result "1-0"]
[WhiteElo "2376"]
[BlackElo "2231"]
[PlyCount "103"]
[EventDate "2009.01.21"]

1. g3 Nf6 2. Bg2 e6 3. d3 d5 4. Nd2 Be7 5. e4 dxe4 6. dxe4 Nc6 7. Ngf3 e5 8.
O-O O-O 9. c3 h6 10. Qe2 Be6 11. Nc4 Bd6 12. Nh4 Bc5 13. Nf5 Qd7 14. Be3 Bxe3
15. Ncxe3 Ne7 16. Rfd1 Qe8 17. Nxe7+ Qxe7 18. Qb5 Bc8 19. Nd5 Nxd5 20. exd5 Kh8
21. Re1 Qd6 22. b4 Bd7 23. Qe2 Rfe8 24. c4 c5 25. dxc6 Bxc6 26. c5 Qc7 27. Bxc6
bxc6 28. Rad1 a5 29. b5 cxb5 30. Qxb5 Rac8 31. Rd5 Re6 32. Qd3 Re7 33. Qf5 f6
34. Red1 Rce8 35. Qe4 Qc8 36. Qa4 Qc7 37. Qe4 Qc8 38. Qe1 Qc7 39. Qc3 Rc8 40.
Rd6 e4 41. R1d5 Rce8 42. Qd4 e3 43. fxe3 Rxe3 44. Rd8 Re1+ 45. Kg2 Qb7 46. Kh3
Qf7 47. Qg4 Kh7 48. c6 R1e4 49. Qf5+ g6 50. R5d7 R4e7 51. Rxe8 Qxe8 52. Qe6 1-0

[Event "GEO Women 66 Ch"]
[Site "?"]
[Date "2009.01.28"]
[Round "10.1"]
[White "Melia, Salome"]
[Black "Danelia, Mariam"]
[Result "1-0"]
[WhiteElo "2422"]
[BlackElo "2219"]
[PlyCount "76"]
[EventDate "2009.01.21"]

1. e4 c5 2. Nf3 d6 3. d4 cxd4 4. Nxd4 Nf6 5. Nc3 a6 6. h3 g6 7. Bc4 Bg7 8. O-O
O-O 9. Re1 Nc6 10. Nf3 b5 11. Bb3 Na5 12. Bg5 Nxb3 13. axb3 Bb7 14. Nd5 Nxd5
15. exd5 Re8 16. c3 h6 17. Be3 Kh7 18. Nh2 e5 19. dxe6 fxe6 20. Qg4 Qf6 21.
Rad1 Rad8 22. Bb6 Rd7 23. Rd3 Ree7 24. Qg3 e5 25. Ng4 Qe6 26. b4 Rf7 27. Be3 h5
28. Nh2 Qf5 29. Rd2 Bf6 30. Red1 Be7 31. Bc5 Qe6 32. Qd3 Bg5 33. Be3 Bf6 34.
Qe2 d5 35. Nf3 Qf5 36. h4 Rf8 37. Bg5 Bg7 38. Re1 Re8 1-0

[Event "GEO Women 66 Ch"]
[Site "?"]
[Date "2009.01.28"]
[Round "10.2"]
[White "Arabidze, Meri"]
[Black "Khukhashvili, Sopiko"]
[Result "1-0"]
[WhiteElo "2246"]
[BlackElo "2416"]
[PlyCount "107"]
[EventDate "2009.01.21"]

1. d4 d6 2. c4 e5 3. Nf3 e4 4. Nfd2 f5 5. Nc3 Nf6 6. e3 g6 7. Be2 c6 8. b4 Be7
9. Bb2 O-O 10. O-O Na6 11. Qb3 g5 12. f3 exf3 13. Bxf3 g4 14. Bd1 Kg7 15. Bc2
Nh5 16. d5 Kh6 17. Ne2 Bg5 18. Nd4 c5 19. Nxf5+ Bxf5 20. Bxf5 Qe7 21. Rae1 cxb4
22. Bd4 Nc5 23. Qxb4 Bh4 24. Re2 Bg3 25. Bxg4 Qh4 26. Bh3 Bxh2+ 27. Kxh2 Ng3
28. Rxf8 Rxf8 29. Re1 Nge4 30. Nxe4 Nxe4 31. Rb1 Qg3+ 32. Kg1 Ng5 33. Bg4 Rf2
34. Qxd6+ Qxd6 35. Kxf2 Ne4+ 36. Ke2 Qa6 37. Rc1 Kg5 38. Be6 Qxa2+ 39. Kf3 Nd2+
40. Kg3 h5 41. c5 h4+ 42. Kh3 Ne4 43. Rf1 Nf2+ 44. Kh2 Qe2 45. Kg1 h3 46. gxh3
Nd3 47. Bg4 Qd2 48. d6 Qa5 49. d7 Qc7 50. Bf6+ Kg6 51. d8=Q Qg3+ 52. Kh1 Nf2+
53. Rxf2 Qxf2 54. Qg8+ 1-0

[Event "GEO Women 66 Ch"]
[Site "?"]
[Date "2009.01.27"]
[Round "10.3"]
[White "Paikidze, Nazi"]
[Black "Khurtsidze, Nino"]
[Result "0-1"]
[WhiteElo "2280"]
[BlackElo "2421"]
[PlyCount "141"]
[EventDate "2009.01.21"]

1. e4 c5 2. Nf3 e6 3. d4 cxd4 4. Nxd4 a6 5. Bd3 Nf6 6. O-O d6 7. f4 Nbd7 8. Kh1
Qc7 9. Nc3 Be7 10. a4 b6 11. Qe2 Bb7 12. Bd2 Nc5 13. Rae1 Nxd3 14. cxd3 O-O 15.
Rf3 Rfe8 16. Rh3 Nd7 17. Rc1 Rac8 18. Qh5 Nf8 19. f5 Bf6 20. Nde2 Qd7 21. fxe6
fxe6 22. Rf1 g6 23. Qf3 Bg7 24. Bh6 Bxh6 25. Rxh6 d5 26. exd5 exd5 27. d4 Ne6
28. Qg4 Rf8 29. Rd1 Qf7 30. Rh3 Qf5 31. Qxf5 Rxf5 32. Rf3 Rxf3 33. gxf3 a5 34.
Kg2 Kf7 35. Kf2 Ba6 36. Rd2 Bxe2 37. Nxe2 Kf6 38. Ke3 Kg5 39. Nc3 Nf4 40. h4+
Kf5 41. Nb5 Rc6 42. Kf2 g5 43. hxg5 Kxg5 44. Nc3 Rh6 45. Ke3 Re6+ 46. Kf2 h5
47. Rd1 Kf5 48. Rh1 Rg6 49. Rh2 Kg5 50. Rh1 Kf5 51. Rh2 Rh6 52. Kg3 Kg5 53. Rh4
Rf6 54. Rh1 Kf5 55. Kf2 Rc6 56. Rh2 Rc4 57. Ke3 h4 58. Rf2 Rc6 59. Kd2 h3 60.
Nd1 Ng2 61. Rf1 Rh6 62. Ne3+ Nxe3 63. Kxe3 h2 64. Rh1 Rh7 65. Kf2 Kf4 66. Kg2
Rh8 67. b3 Rg8+ 68. Kf2 Rc8 69. Ke2 Rc2+ 70. Kd3 Rg2 71. Kc3 0-1

[Event "GEO Women 66 Ch"]
[Site "?"]
[Date "2009.01.27"]
[Round "10.4"]
[White "Lomineishvili, Maia"]
[Black "Gvetadze, Sopio"]
[Result "1/2-1/2"]
[WhiteElo "2437"]
[BlackElo "2377"]
[PlyCount "35"]
[EventDate "2009.01.21"]

1. d4 b5 2. e4 Bb7 3. Bd3 e6 4. Nf3 a6 5. Qe2 c5 6. c3 d5 7. O-O Nf6 8. e5 Nfd7
9. Ng5 Be7 10. f4 g6 11. Be3 Nc6 12. Nd2 Qb6 13. Ndf3 c4 14. Bc2 a5 15. Qf2 b4
16. g4 h6 17. Nh3 h5 18. g5 1/2-1/2

[Event "GEO Women 66 Ch"]
[Site "?"]
[Date "2009.01.28"]
[Round "10.5"]
[White "Gaprindashvili, Nona"]
[Black "Guramishvili, Sopiko"]
[Result "0-1"]
[WhiteElo "2376"]
[BlackElo "2281"]
[PlyCount "108"]
[EventDate "2009.01.21"]

1. g3 c5 2. Bg2 Nc6 3. d3 g6 4. Nd2 Bg7 5. e4 e6 6. f4 Nge7 7. c3 d6 8. Nh3 b5
9. O-O b4 10. c4 O-O 11. g4 f5 12. gxf5 exf5 13. Nf3 fxe4 14. dxe4 Be6 15. Qd3
h6 16. Rb1 Qc8 17. Nf2 Qa6 18. Qxd6 Bxc4 19. Qxc5 Bxf1 20. Bxf1 Qb6 21. Qxb6
axb6 22. Bc4+ Kh8 23. Be3 Na5 24. Bb5 Nb7 25. Bc4 Nc5 26. Kg2 Rac8 27. Bb5 Rc7
28. Nd4 Ra8 29. Kf3 Rxa2 30. h4 Ra8 31. h5 Rf8 32. Ke2 gxh5 33. f5 Kh7 34. Kf3
Ng6 35. Ke2 Ne5 36. Bf4 Re7 37. Nf3 Nf7 38. Bc6 Rd8 39. Nh4 Nb3 40. Ng6 Nd4+
41. Kf1 Nxc6 42. Rc1 Rc8 43. Nxe7 Nxe7 44. Rxc8 Nxc8 45. Nd3 Ne7 46. Ke2 Nc6
47. Bc7 Bd4 48. b3 h4 49. Nf4 Ng5 50. Kd3 h3 51. Ne2 Be5 52. Bxe5 Nxe5+ 53. Ke3
h2 54. Ng3 Ng4+ 0-1

[Event "GEO Women 66 Ch"]
[Site "?"]
[Date "2009.01.28"]
[Round "10.6"]
[White "Tsatsalashvili, Ketevan"]
[Black "Mikadze, Miranda"]
[Result "1/2-1/2"]
[WhiteElo "2231"]
[BlackElo "2287"]
[PlyCount "28"]
[EventDate "2009.01.21"]

1. d4 Nf6 2. c4 c6 3. Nf3 d5 4. e3 Bf5 5. Nc3 e6 6. Qb3 Qc7 7. Bd2 Nbd7 8. Rc1
Qb6 9. Be2 Qxb3 10. axb3 h6 11. O-O Bd6 12. Na2 Ke7 13. Bb4 Bxb4 14. Nxb4 a5
1/2-1/2

[Event "GEO Women 66 Ch"]
[Site "?"]
[Date "2009.01.28"]
[Round "11.1"]
[White "Mikadze, Miranda"]
[Black "Melia, Salome"]
[Result "0-1"]
[WhiteElo "2287"]
[BlackElo "2422"]
[PlyCount "92"]
[EventDate "2009.01.21"]

1. d4 Nf6 2. Nc3 d5 3. Bg5 Nbd7 4. Nf3 h6 5. Bh4 e6 6. e3 c5 7. Be2 Be7 8. O-O
O-O 9. Re1 a6 10. a4 b6 11. Bd3 Bb7 12. Bg3 Rc8 13. e4 cxd4 14. Nxd4 dxe4 15.
Nxe4 Nc5 16. Nxc5 bxc5 17. Nf3 c4 18. Bf1 Qb6 19. Ne5 Rfd8 20. Qe2 Bd5 21. c3
Qb7 22. f3 Bd6 23. Qc2 Qc7 24. Ng4 Nxg4 25. fxg4 Bxg3 26. hxg3 Qxg3 27. Qe2 f6
28. Rad1 e5 29. Qf2 Qxg4 30. Rd2 Bf7 31. Red1 Rxd2 32. Rxd2 Qe6 33. a5 Qc6 34.
Be2 Qc7 35. Bf3 Qxa5 36. Be4 Rd8 37. Kh2 Rxd2 38. Qxd2 Qc7 39. Qf2 Be6 40. Kg1
Qd6 41. Bg6 Bf7 42. Qf5 Bxg6 43. Qxg6 Qb6+ 44. Kh2 Qxb2 45. Qe8+ Kh7 46. Qe6
Qf2 0-1

[Event "GEO Women 66 Ch"]
[Site "?"]
[Date "2009.01.28"]
[Round "11.2"]
[White "Danelia, Mariam"]
[Black "Arabidze, Meri"]
[Result "1/2-1/2"]
[WhiteElo "2219"]
[BlackElo "2246"]
[PlyCount "47"]
[EventDate "2009.01.21"]

1. d4 Nf6 2. c4 e6 3. Nc3 Bb4 4. Qc2 O-O 5. a3 Bxc3+ 6. Qxc3 b6 7. Bg5 Bb7 8.
f3 d6 9. Nh3 Nbd7 10. Nf2 c5 11. e4 Rc8 12. Rd1 h6 13. Be3 Qe7 14. Be2 Rfd8 15.
O-O cxd4 16. Qxd4 Ne5 17. b4 Qc7 18. Rc1 Ba6 19. b5 Bb7 20. Rfd1 Ne8 21. Qb2
Nd7 22. Nd3 Nc5 23. Rd2 Nxd3 24. Rxd3 1/2-1/2

[Event "GEO Women 66 Ch"]
[Site "?"]
[Date "2009.01.28"]
[Round "11.3"]
[White "Khukhashvili, Sopiko"]
[Black "Paikidze, Nazi"]
[Result "1-0"]
[WhiteElo "2416"]
[BlackElo "2280"]
[PlyCount "129"]
[EventDate "2009.01.21"]

1. e4 c5 2. Nf3 d6 3. d4 cxd4 4. Nxd4 Nf6 5. Nc3 Nc6 6. Bg5 e6 7. Qd2 Be7 8.
O-O-O Nxd4 9. Qxd4 a6 10. f4 b5 11. Bxf6 gxf6 12. e5 d5 13. f5 O-O 14. h4 b4
15. Ne2 fxe5 16. Qxe5 Bf6 17. Qg3+ Kh8 18. Nf4 Be5 19. Ng6+ fxg6 20. Qxe5+ Qf6
21. Qxf6+ Rxf6 22. fxe6 Bxe6 23. Rd2 a5 24. Bb5 Rc8 25. Re1 Kg7 26. Bd3 Rc6 27.
b3 Rf4 28. Rde2 Kf6 29. h5 gxh5 30. Bxh7 h4 31. Bd3 Bf7 32. Kd2 Bh5 33. Re5 Bg4
34. Rxd5 Rf2+ 35. Ke3 Rxg2 36. Kf4 Be6 37. Rh5 Rf2+ 38. Ke3 Rh2 39. Kd4 h3 40.
Rh6+ Ke7 41. Re5 Rh1 42. Rxa5 Rd1 43. Ke5 Re1+ 44. Kf4 Bd7 45. Rh7+ Kd6 46. Bb5
Rc7 47. Ra6+ Kc5 48. Rh5+ Kd4 49. Rd6+ Kc3 50. Rxd7 Rc8 51. Rxh3+ Kxc2 52. Rh2+
Kc1 53. Rd5 Rf8+ 54. Rf5 Rd8 55. Re2 Rf1+ 56. Ke4 Rfd1 57. Ref2 Re1+ 58. Kf3
Re7 59. Rf4 Re5 60. Bc4 Rde8 61. Kg3 Rg5+ 62. Rg4 Rh5 63. Be2 Re3+ 64. Kf4 Rhe5
65. Bf3 1-0

[Event "GEO Women 66 Ch"]
[Site "?"]
[Date "2009.01.28"]
[Round "11.4"]
[White "Khurtsidze, Nino"]
[Black "Lomineishvili, Maia"]
[Result "1-0"]
[WhiteElo "2421"]
[BlackElo "2437"]
[PlyCount "88"]
[EventDate "2009.01.21"]

1. d4 Nf6 2. c4 e6 3. Nc3 Bb4 4. Qc2 O-O 5. Nf3 b6 6. Bg5 Bb7 7. e3 d6 8. Bd3
h6 9. Bh4 c5 10. dxc5 bxc5 11. O-O Bxc3 12. Qxc3 Nbd7 13. Nd2 Re8 14. Rfd1 Qb6
15. Bc2 d5 16. Nb3 dxc4 17. Na5 Nd5 18. Nxc4 Nxc3 19. Nxb6 Nxd1 20. Nxd7 Nxb2
21. Rb1 Bc8 22. Nxc5 Nc4 23. Ba4 Kf8 24. Bc6 Nb6 25. a4 e5 26. a5 Bf5 27. e4
Nd7 28. Nxd7+ Bxd7 29. Bxd7 Reb8 30. Re1 Rb2 31. Bc6 Rc8 32. Bd5 a6 33. Bg3 f6
34. f4 Rcc2 35. fxe5 Rxg2+ 36. Kh1 fxe5 37. Bxe5 Rbc2 38. Rf1+ Ke8 39. Rg1
Rxg1+ 40. Kxg1 Rc5 41. Bxg7 h5 42. Kf2 Rxa5 43. Bf6 Rc5 44. Ke3 a5 1-0

[Event "GEO Women 66 Ch"]
[Site "?"]
[Date "2009.01.28"]
[Round "11.5"]
[White "Gvetadze, Sopio"]
[Black "Gaprindashvili, Nona"]
[Result "1-0"]
[WhiteElo "2377"]
[BlackElo "2376"]
[PlyCount "93"]
[EventDate "2009.01.21"]

1. e4 g6 2. d4 c6 3. Nf3 Bg7 4. c4 d6 5. Nc3 Nd7 6. Be3 Nh6 7. h3 f6 8. Qd2 Nf7
9. b4 e5 10. Bd3 O-O 11. O-O Re8 12. Qc2 exd4 13. Nxd4 c5 14. bxc5 Nxc5 15. Be2
Bd7 16. Rfd1 a6 17. Rab1 Rc8 18. Qb2 Na4 19. Nxa4 Bxa4 20. Rd2 Re7 21. Qa3 Qe8
22. Rb4 Bc6 23. Nxc6 Qxc6 24. Rd5 Rce8 25. Rb6 Qc7 26. Qb3 Kh8 27. c5 dxc5 28.
Rxc5 Qd7 29. Bc4 Nd8 30. Bd5 f5 31. Bg5 Bd4 32. Rc4 Bxb6 33. Bf6+ Rg7 34. Qxb6
Nc6 35. Bxc6 bxc6 36. Rxc6 Kg8 37. Bxg7 Qxg7 38. Qb3+ Kh8 39. exf5 Qa1+ 40. Kh2
gxf5 41. Rxa6 Qd4 42. Qf3 Qe5+ 43. g3 Qc5 44. Ra8 Rxa8 45. Qxa8+ Kg7 46. Kg2
Kf6 47. a4 1-0

[Event "GEO Women 66 Ch"]
[Site "?"]
[Date "2009.01.28"]
[Round "11.6"]
[White "Guramishvili, Sopiko"]
[Black "Tsatsalashvili, Ketevan"]
[Result "1/2-1/2"]
[WhiteElo "2281"]
[BlackElo "2231"]
[PlyCount "68"]
[EventDate "2009.01.21"]

1. d4 Nf6 2. c4 e6 3. Nf3 d5 4. cxd5 exd5 5. Nc3 Bb4 6. Bg5 h6 7. Bh4 g5 8. Bg3
Ne4 9. Nd2 Nxc3 10. bxc3 Bxc3 11. Rc1 Bb2 12. Bxc7 Qe7 13. Rc2 Bxd4 14. Be5 Nc6
15. Bxh8 Bxh8 16. e3 Bf5 17. Bb5 Rc8 18. e4 dxe4 19. Bxc6+ bxc6 20. O-O e3 21.
fxe3 Bxc2 22. Qxc2 Qxe3+ 23. Kh1 Kf8 24. Ne4 Be5 25. Nc5 Kg8 26. Qf5 Rc7 27.
Nd7 Bf4 28. Nf6+ Kg7 29. Nh5+ Kf8 30. Nxf4 gxf4 31. Qf6 Ke8 32. Rd1 Rd7 33.
Qxc6 Qe6 34. Qc8+ Ke7 1/2-1/2